| 000 | 00816nam a2200229 i 4500 | ||
|---|---|---|---|
| 001 | 81265 | ||
| 003 | ES-MaACL | ||
| 005 | 20250804062600.0 | ||
| 007 | t| | ||
| 008 | 041103s1985 sp ||||1| spa d | ||
| 020 | _a84-206-0075-24 | ||
| 100 | 1 |
_aHume, David, _d1711-1776 _964719 |
|
| 245 | 1 | 0 |
_aMi vida (1776) _b: ; Cartas de un caballero a su amigo de Edinburgo (1745) / _cDavid Hume ; edición y traducción de Carlos Mellizo. |
| 260 |
_aMadrid : _bAlianza, _c1985. |
||
| 300 |
_a93 p. ; _c18 cm. |
||
| 490 | 1 |
_aEl libro de bolsillo. Humanidades ; _v1075 |
|
| 700 | 1 |
_aMellizo, Carlos. _979998 |
|
| 740 | 0 | _aCartas de un caballero a su amigo de Edinburgo (1745) | |
| 830 | 0 | 3 |
_aEl libro de bolsillo. _pHumanidades _v1075 _9178672 |
| 852 |
_aES-MaACL _jL-8226 _bR.108463 |
||
| 999 |
_c81265 _d81265 |
||